Pruebas psicotécnicas en la selección de personal / Charles H. Lawshe
Descripción Física:
263 p. ; 25 cm
Colección:
La Empresa y el hombre. Serie A ; 25
MARC
| LEADER | 00000nam a2200000Ia 4500 | ||
|---|---|---|---|
| 001 | 17266 | ||
| 008 | 160829s1963 xx 000 0 cat d | ||
| 080 | |a E-1-245 | ||
| 100 | |a Lawshe, Charles H. |9 23375 | ||
| 245 | |a Pruebas psicotécnicas en la selección de personal / Charles H. Lawshe | ||
| 260 | |a Madrid : |b Rialp, |c 1963 | ||
| 300 | |a 263 p. ; |c 25 cm | ||
| 490 | |a La Empresa y el hombre. Serie A ; 25 | ||
| 590 | |a Prové de l'Institut de Psicologia Aplicada | ||
| 650 | |a Selecció de personal |9 17307 | ||
| 650 | |a Aptitud |x Tests |9 32171 | ||
| 901 | |a Arxiu | ||
| 942 | |n 1 | ||
| 952 | |0 0 |1 0 |4 0 |6 E1245 |7 1 |9 42686 |a Arxiu |b Arxiu |d 2016-12-01 |l 0 |o E-1-245 |p 17266 |r 2016-12-01 00:00:00 |w 2016-12-01 |y ARXIU | ||
| 999 | |c 45192 |d 45192 | ||